Vývoj techniky a technológie od staroveku po dnes

Salvato in:
Dettagli Bibliografici
Autore principale: Vasilko, Karol (Autore)
Natura: Libro
Lingua:slovacco
Pubblicazione: Prešov : Technická univerzita v Košiciach, 2011
Soggetti:
Accesso online:OBSAH
Tags: Aggiungi Tag
Nessun Tag, puoi essere il primo ad aggiungerne!!

MARC

LEADER 00000nam a22000003a 4500
001 stu253809
005 20150617230201.1
008 120828s2011----xo------------------slo-d
020 |a 978-80-553-0681-0 
040 |a STU  |b slo 
041 0 |a slo 
044 |a xo 
080 |a 62 
100 1 |a Vasilko, Karol  |4 aut 
245 1 |a Vývoj techniky a technológie od staroveku po dnes 
260 |a Prešov :  |b Technická univerzita v Košiciach,  |c 2011 
300 |a 387 s 
650 7 |a dejiny techniky  |2 stusub 
650 7 |a technológie  |2 stusub 
650 7 |a osobnosti  |2 stusub 
650 7 |a objavy  |2 stusub 
650 7 |a vynálezy  |2 stusub 
856 4 |a https://sweb.mtf.stuba.sk/obsahy/vyvoj_techniky_a_technologie_od_staroveku_po_dnes_11  |u https://sweb.mtf.stuba.sk/obsahy/vyvoj_techniky_a_technologie_od_staroveku_po_dnes_11  |3 OBSAH 
996 |b 284M081397  |c M*13207-1  |l MMST  |s A  |a 24  |w stu253809_0001